| 000 | 00355nam a22001337a 4500 | ||
|---|---|---|---|
| 082 |
_a355.02 _bFUL _cL-40, P-67 |
||
| 100 |
_aFuller, J.F.C _937121 |
||
| 245 | _aConduct of War. | ||
| 260 |
_aPakistan _bSohail Publisher Lahore |
||
| 300 |
_a473 p. : _bill . : _c10 Cm |
||
| 526 |
_a0 _b0 _c0 _d355_020000000000000_FUL |
||
| 650 |
_aMCE _9379 |
||
| 942 |
_2ddc _cBK |
||
| 999 |
_c551611 _d551611 |
||